Normal view
MARC view
Entry Topical Term
001 - CONTROL NUMBER
- control field: 109711
003 - CONTROL NUMBER IDENTIFIER
- control field: OSt
005 - DATE AND TIME OF LATEST TRANSACTION
- control field: 20230519141104.0
008 - FIXED-LENGTH DATA ELEMENTS
- fixed length control field: 230519|| aca||aabn | a|a d
040 ## - CATALOGING SOURCE
- Original cataloging agency: OSt
- Transcribing agency: OSt
150 ## - HEADING--TOPICAL TERM
- Topical term or geographic name entry element: Listening Skill
670 ## - SOURCE DATA FOUND
- Source citation: Work cat.: (OSt)191691: Koneru, Aruna. 109709, English language skills /, 2011.